000 00474nam a2200133Ia 4500
008 140910s9999 xx 000 0 und d
020 _a9780824550059
050 _aBX 1378.7
_b.C156 2013
245 2 _aA call to serve :
_bPope Francis and the catholic church future /
_cedited by Stefan von Kempis, Philip F. Lawler.
260 _aMacao :
_bClaretian Publication,
_cc2013
300 _a158 pages :
_bcolored, illustration ;
_c26 cm.
650 _aSpiritual life.
942 _cBK
999 _c275476
_d275476